000 00371pab a2200133 454500
008 180718b2006 xxu||||| |||| 00| 0 eng d
100 _aWalker, Richard M.
245 _aInnovation type and diffusion: an empirical analysis of local government
260 _c2006
300 _ap.311-35.
650 _aLocal government
773 _aPublic Administration
909 _a70460
999 _c70460
_d70460